Elton John Songs by Emojis - Statistics

General Stats
  • This quiz has been taken 383 times
  • The average score is 9 of 15
Answer Stats
Emojis Song % Correct
Rocket Man
100%
Crocodile Rock
92%
Candle In The Wind
86%
Tiny Dancer
84%
Cold Heart
78%
Goodbye Yellow Brick Road
78%
Don’t Go Breaking My Heart
66%
Don’t Let The Sun Go Down On Me
59%
Island Girl
59%
Your Song
59%
Circle of Life
52%
Step Into Christmas
34%
Cold Highway
16%
Made In England
14%
Take Me To The Pilot
13%
No matching quizzes found
Score Distribution
Percent of People with Each Score
Percentile by Number Answered
Your Score History
You have not taken this quiz